Paragraph Essentials. (Record no. 4965)

MARC details
005 - DATE AND TIME OF LATEST TRANSACTION
control field 20250625090653.0
020 ## - INTERNATIONAL STANDARD BOOK NUMBER
International Standard Book Number 0-7747-3278-4
082 ## - DEWEY DECIMAL CLASSIFICATION NUMBER
Classification number 808.042 GRE
100 ## - MAIN ENTRY--PERSONAL NAME
Author name GREEN, B.
245 ## - TITLE STATEMENT
Title Paragraph Essentials.
260 ## - PUBLICATION, DISTRIBUTION, ETC.
Place of publication, distribution, etc. New York
Name of publisher, distributor, etc. Harcourt Brace Canada
Date of publication, distribution, etc. 1995.
300 ## - PHYSICAL DESCRIPTION
Extent xv, 400.:
Other physical details Index
Dimensions 23cm
942 ## - ADDED ENTRY ELEMENTS (KOHA)
Source of classification or shelving scheme Dewey Decimal Classification
Koha item type Books
Holdings
Date last seen Total checkouts Full call number Barcode Cost, replacement price Price effective from Koha item type Lost status Source of classification or shelving scheme Damaged status Not for loan Withdrawn status Home library Current library Shelving location Date acquired Cost, normal purchase price
06/25/2025   808.042 GRE DOM0002869 120000.00 06/25/2025 Books   Dewey Decimal Classification       CBE Dodoma CBE Dodoma General Collection 05/04/1997 40000.00